000 00436nam a22001697a 4500
005 20160627094549.0
008 160627b xxu||||| |||| 00| 0 eng d
020 _a1-86250-479-2
041 _aeng
082 _b10343
100 _aBoker, Kevin
_92847
245 _aInternal Control and Frend Prevention in hosapilitality operations
260 _bHospitality Press
_c1999
300 _a170
650 _aManagement
_9241
942 _cBK
999 _c4116
_d4115